| 000 | 00554cam a2200205ua 4500 | ||
|---|---|---|---|
| 020 |
_a81-203-0720-8 _c250.00 |
||
| 041 |
_aeng _h |
||
| 082 |
_a621.3822 _bOPP/DI |
||
| 100 | _aOppenhein, Alan V . | ||
| 245 |
_aDiscrete time signal processing / _cAlan V Oppenhein. _hTextual Documents |
||
| 250 |
_a1 / _b. |
||
| 260 |
_aNew Delhi : _bPrentice Hall of India Pvt Ltd. , _c2000. |
||
| 300 |
_a879 : _b506 ; . |
||
| 365 | _a250.00 | ||
| 500 | _a*CSS | ||
| 504 | _a | ||
| 700 | 1 | _aSchafer, Ronald . | |
| 942 | _cBK | ||
| 999 |
_c10555 _d10555 |
||